Phương pháp mới phiên dịch - biên dịch Anh - Việt, Việt - Anh
Sách gồm các bài tập phiên dịch Anh - Việt, Việt - Anh và biên dịch Anh - Việt, Việt - Anh với các đề tài phổ thông. Phần nghe - dịch là phần quan trọng trong quá trình học ngoại ngữ.
Guardado en:
| Autor principal: | |
|---|---|
| Formato: | Libro |
| Lenguaje: | Undetermined |
| Publicado: |
Thành phố Hồ Chí Minh
Trẻ
2004
|
| Materias: | |
| Etiquetas: |
Agregar Etiqueta
Sin Etiquetas, Sea el primero en etiquetar este registro!
|
| Thư viện lưu trữ: | Trung tâm Học liệu Trường Đại học Cần Thơ |
|---|
| LEADER | 00906nam a2200193Ia 4500 | ||
|---|---|---|---|
| 001 | CTU_238767 | ||
| 008 | 210402s9999 xx 000 0 und d | ||
| 082 | |a 418.03 | ||
| 082 | |b Ch125/T.1 | ||
| 100 | |a Nguyễn, Đức Châu | ||
| 245 | 0 | |a Phương pháp mới phiên dịch - biên dịch Anh - Việt, Việt - Anh | |
| 245 | 0 | |c Nguyễn Đức Châu | |
| 260 | |a Thành phố Hồ Chí Minh | ||
| 260 | |b Trẻ | ||
| 260 | |c 2004 | ||
| 520 | |a Sách gồm các bài tập phiên dịch Anh - Việt, Việt - Anh và biên dịch Anh - Việt, Việt - Anh với các đề tài phổ thông. Phần nghe - dịch là phần quan trọng trong quá trình học ngoại ngữ. | ||
| 650 | |a Biên dịch và phiên dịch,Translating and interpreting | ||
| 910 | |b vtbtruc | ||
| 980 | |a Trung tâm Học liệu Trường Đại học Cần Thơ | ||